书目信息 |
| 题名: |
白话清史
|
|
| 作者: | 博文 编著 | |
| 分册: | ||
| 出版信息: | 北京 中国华侨出版社 2016 |
|
| 页数: | 406页 | |
| 开本: | 25cm | |
| 丛书名: | ||
| 单 册: | ||
| 中图分类: | K249.09 | |
| 科图分类: | ||
| 主题词: | 清代--qing dai--历史--通俗读物 | |
| 电子资源: | ||
| ISBN: | 978-7-5113-6142-4 | |
| 000 | 00850nam0 22002411 450 | |
| 001 | 0124140105 | |
| 005 | 20170324140105.0 | |
| 010 | @a978-7-5113-6142-4@b精装@dCNY59.00 | |
| 100 | @a20161116d2016 em y0chiy50 ea | |
| 101 | 0 | @achi |
| 102 | @aCN@b110000 | |
| 105 | @ay z 000yy | |
| 106 | @ar | |
| 200 | 1 | @a白话清史@9bai hua qing shi@f博文编著 |
| 210 | @a北京@c中国华侨出版社@d2016 | |
| 215 | @a406页@d25cm | |
| 300 | @a全民阅读提升版 | |
| 330 | @a本书讲述了清王朝从崛起于东北到驰骋天下,统一全国再到丧权辱国、宣统退位出宫,近300年的历史史实,再现了大清王朝近300年的各种风云际会,涵盖了政治、经济、军事、文化、科技、宗教、法制、外交等领域的历史大事和兴亡嬗变。 | |
| 606 | 0 | @a清代@9qing dai@x历史@j通俗读物 |
| 690 | @aK249.09@v5 | |
| 701 | 0 | @a博文@9bo wen@4编著 |
| 801 | 0 | @aCN@bTANGWEI@c20170308 |
| 905 | @b0961397-9@dK249.09@e106@f3 | |
| 白话清史/博文编著.-北京:中国华侨出版社,2016 |
| 406页;25cm |
| 全民阅读提升版 |
| ISBN 978-7-5113-6142-4(精装):CNY59.00 |
| 本书讲述了清王朝从崛起于东北到驰骋天下,统一全国再到丧权辱国、宣统退位出宫,近300年的历史史实,再现了大清王朝近300年的各种风云际会,涵盖了政治、经济、军事、文化、科技、宗教、法制、外交等领域的历史大事和兴亡嬗变。 |
| ● |
| 相关链接 |
|
|
|
|
正题名:白话清史
索取号:K249.09/106
 
预约/预借
| 序号 | 登录号 | 条形码 | 馆藏地/架位号 | 状态 | 备注 |
| 1 | 0961397 | 209613970 | 第二样本阅览室/ [索取号:K249.09/106] | 在馆 | |
| 2 | 0961398 | 209613989 | 第二借阅区/ [索取号:K249.09/106] | 在馆 | |
| 3 | 0961399 | 209613998 | 第二借阅区/ [索取号:K249.09/106] | 在馆 |